365 Gün Atatürk, 2008 [takvim] (Record no. 4357)

MARC details
000 -BAŞLIK
Sabit Uzunlukta Kontrol Alanı 00830na a2200277 4500
001 - KONTROL NUMARASI
Denetim Alanı 22597
003 - KONTROL NUMARASI IDENTIFIER
Denetim Alanı MIRAKIL
005 - SON İŞLEM TARİHİ VE ZAMANI
Denetim Alanı 20181213155003.0
008 - SABİT-BOY VERİ ELEMANLARI - GENEL BİLGİLER
Sabit Uzunlukta Kontrol Alanı 170220b tu 000 0
020 ## - ULUSLARARASI STANDART KİTAP NUMARASI
Uluslararası Standart Kitap Numarası 9786055966003
035 ## - SİSTEM KONTROL NUMARASI
Sistem Kontrol Numarası 13708
040 ## - KATALOGLAMA KAYNAK
Orijinal Kataloglama Ajansı Milas
Kataloglama Dili tur
Metne Dönüştürmek Ajansı TR-AnCHP
041 ## - DİL KODU
Metin / Ses Parça Veya Ayrı Başlığın Dil Kodu tur
082 ## - DEWEY ONLU SINIFLANDIRMA NUMARASI
Sınıflandırma Numarası ATA 741.682
Ürün Numarası Ü19 2007
090 ## - SINIFLAMA NUMARASI
Sınıflama Numarası ATA 741.682 Ü19 2007
245 ## - BAŞLIK TABLOSU
Başlık 365 Gün Atatürk, 2008 [takvim]
Sorumluluk Tablosu, Vb hazırlayanlar Asaf Güven Aksel...[ve öte.]
246 ## - UNVAN FORM VARYING
Başlık Doğru / Kısa Başlığı Atatürk takvimi, 2008
260 ## - YAYIN, DAĞITIM, VB
Yayın, Dağıtım, Vb Yeri İstanbul
Yayıncı, Dağıtıcı, Vs Adı Perajans
Yayın, Dağıtım, Vb Tarihi 2007
300 ## - FİZİKSEL TANIM
Kapsam 1 takvim
Diğer Fiziksel Ayrıntıları res.
Boyutlar 19 sm.
500 ## - GENEL NOT
Genel Not Günlük 365 yaprak duvar takvimi
600 ## - KONU KATMA GİRİŞ - KURUMSAL ADI
Kişisel Ad Atatürk, Mustafa Kemal
Bir Adıyla İlişkilendirilen Tarihler 1881-1938
Genel Alt Bölümü Takvimler
650 ## - KONU KATMA GİRİŞ - TOPİKAL DÖNEM
Topikal Süreli Veya Coğrafi Ad Giriş Elemanı Tarih
Kronolojik Alt Bölümü Kronoloji
651 ## - KONU KATMA GİRİŞ - COĞRAFİ ADI
Coğrafi İsim Türkiye
Genel Alt Bölümü Tarih
Kronolojik Alt Bölümü Kronoloji
-- 1919-
700 ## - KATMA GİRİŞ - KİŞİSEL İSİM
Kişisel Ad Aksel, Asaf Güven
942 ## - EKLENDİ GİRİŞ ELEMANLARI (KOHA)
Sınıflandırma Veya Raf Düzeni Kaynak Dewey Decimal Classification
Koha Öğesi Türü Books
999 ## - SİSTEM KONTROL NUMARALARI (KOHA)
Koha Biblionumber 4357
Koha Biblioitemnumber 4357
Holdings
Kullanım Kısıtlamaları Kalıcı Konum Mevcut Konum Edinme Tarihi Edinim Kaynak Kodlu Konum Eleme Toplam Check-Out'Lar Tam Çağrı Numarası Barkod Tarih Son Görülme İtibaren Geçerli Fiyatlar Koha Öğesi Türü
Kütüphane dışına çıkarılamaz CHP Kütüphanesi CHP Kütüphanesi 02/20/2017 Bağış ATATÜRK   ATA 741.682 Ü19 2007 016625 02/20/2017 02/20/2017 Books